|
|
|
|
| LEADER |
00985nam a2200241 a 4500 |
| 001 |
GR-Patra14548 |
| 008 |
020603s1999 nyu e 000 0 eng d |
| 020 |
|
|
|a 0387986324
|
| 040 |
|
|
|a GrPaTEI
|b gre
|c GR-PaULI
|
| 040 |
|
|
|a GrPaTEI
|b gre
|c GR-PaULI
|
| 082 |
|
0 |
|a 500.2855133
|2 21
|
| 100 |
1 |
|
|a Brooks, DAvid R.
|
| 245 |
1 |
0 |
|a C Programming :
|b the essentials for engineers and scientists /
|c David R. Brooks.
|
| 260 |
|
|
|a New York :
|b Springer,
|c c1999
|
| 300 |
|
|
|a xvii, 479σ.
|
| 490 |
1 |
|
|a Undergraduate texts in computer science
|
| 504 |
|
|
|a Incudes bibliographical references and index
|
| 650 |
|
0 |
|a C (Computer program language)
|
| 830 |
|
0 |
|1 00114549
|1 2001
|a Undergraduate texts in computer science
|
| 942 |
|
|
|2 ddc
|
| 952 |
|
|
|0 0
|1 0
|2 ddc
|4 0
|6 500_285513300000000_BRO
|7 0
|9 293618
|a LISK
|b LISK
|c BSC
|d 2021-01-17
|e 24
|f 0
|g 0.00
|l 0
|o 500.2855133 BRO
|p 92410017288
|r 2021-01-17 00:00:00
|t 1
|w 2021-01-17
|y BK15
|x 20020603 0 1
|x GrPaTEI
|
| 971 |
|
|
|a .b26620637
|b 15-04-20
|c 23-09-16
|
| 999 |
|
|
|c 171593
|d 171593
|